| 000 | 00579nam a22001937a 4500 | ||
|---|---|---|---|
| 999 |
_c6256 _d6256 |
||
| 003 | OSt | ||
| 005 | 20190827111225.0 | ||
| 008 | 190827b ||||| |||| 00| 0 eng d | ||
| 020 | _a033368947-x | ||
| 040 | _cDDC | ||
| 082 | _a355.033DEN 1998 | ||
| 100 |
_aCrosby,Denholm,Ann; _912867 |
||
| 245 |
_aDilemas in defence decision -Making: _bConstructing Canada's Role in NORAD,1958-96. |
||
| 260 |
_acanada, _bMacmillan Press. _c1998. |
||
| 300 |
_axii,253p; _bill, _c24cm. |
||
| 504 | _aNotes , bibliography and index. | ||
| 650 |
_aPolitical science. _96756 |
||
| 942 |
_2ddc _cO_SHELF |
||